Loading...

Upkar's practice sets ssc combined graduate level examination

Bibliographic Details
Main Author: Kushal Jain
Other Authors: Sanjeev Kumar Jha
Format: Printed Book
Published: Agra Upkar Prakashan
Subjects:
ssc
LEADER 00606nam a2200169 4500
020 |a 9789386791085 
082 |a 153.93  |b KUS/U 
100 |a Kushal Jain 
245 |a Upkar's practice sets ssc combined graduate level examination 
260 |a Agra  |b Upkar Prakashan 
300 |a 464p 
650 |a ssc 
700 |a Sanjeev Kumar Jha 
942 |c CC 
999 |c 56344  |d 56344 
952 |0 0  |1 0  |4 0  |6 153_930000000000000_KUSU  |7 0  |9 63439  |a KUCL  |d 2019-03-13  |g 345.00  |l 0  |o 153.93 KUS/U  |p 49582  |r 2019-03-13  |y CC 
952 |0 0  |1 0  |4 0  |6 153_000000000000000_93KUSU  |7 0  |9 63489  |a KUCL  |d 2019-03-14  |g 345.00  |l 0  |o 153.93KUS/U  |p 48058  |r 2019-03-14  |y CC